[Event "World Junior U20 Girls 2018"]
[Site "Gebze"]
[Date "2018.09.12"]
[Round "8"]
[White "Aksoy, Ayca"]
[Black "Urh, Zala"]
[Result "0-1"]
[WhiteElo "1898"]
[BlackElo "2128"]
[Annotator "NA"]
[PlyCount "94"]
[EventDate "2018.09.05"]
[EventType "swiss"]
[EventCountry "TUR"]
[SourceTitle "playchess.com"]
[Source "ChessBase"]
[SourceQuality "1"]
[TimeControl "40/5400+30:1800+30"]

1. d4 {[%emt 0:00:30]} Nf6 {[%emt 0:00:30]} 2. Nf3 {[%emt 0:00:00]} d5 {[%emt 0:00:30]} 3. c4 {[%emt 0:00:00]} e6 {[%emt 0:00:00]} 4. Nc3 {[%emt 0:00:30]} Nbd7 {[%emt 0:00:00]} 5. cxd5 {[%emt 0:00:30]} exd5 {[%emt 0:00:00]} 6. Bg5 {[%emt 0:00:30]} Bb4 {[%emt 0:00:00]} 7. e3 {[%emt 0:01:30]} c5 {[%emt 0:00:30]} 8. dxc5 {[%emt 0:05:30]} Qa5 {[%emt 0:02:30]} 9. Rc1 {[%emt 0:05:30]} Ne4 {[%emt 0:08:30]} 10. Qxd5 {[%emt 0:09:30]} Nxc3 {[%emt 0:01:30]} 11. bxc3 {[%emt 0:00:00]} Bxc3+ {[%emt 0:00:00]} 12. Nd2 {[%emt 0:03:00]} O-O {[%emt 0:02:00]} 13. Bc4 {[%emt 0:06:30]} Ne5 {[%emt 0:08:30]} 14. O-O {[%emt 0:03:30]} Bxd2 {[%emt 0:05:30]} 15. Qxe5 {[%emt 0:00:30]} Bxc1 {[%emt 0:00:30]} 16. Rxc1 {[%emt 0:00:30]} Bd7 {[%emt 0:04:30]} 17. Be7 {[%emt 0:12:30]} Rfe8 {[%emt 0:05:30]} 18. Qd6 {[%emt 0:02:30]} Bb5 {[%emt 0:02:30]} 19. Bd5 {[%emt 0:04:30]} Qa6 {[%emt 0:03:30]} 20. h3 {[%emt 0:04:30]} Rac8 {[%emt 0:02:30]} 21. Rb1 {[%emt 0:05:30]} Bc6 {[%emt 0:08:30]} 22. Bxc6 {[%emt 0:08:30]} Qxc6 {[%emt 0:01:30]} 23. Qxc6 {[%emt 0:01:30]} bxc6 {[%emt 0:00:00]} 24. Rb7 {[%emt 0:00:30]} a5 {[%emt 0:02:00]} 25. Bd6 {[%emt 0:01:30]} Re4 {[%emt 0:03:30]} 26. a3 {[%emt 0:01:30]} Rc4 {[%emt 0:05:30]} 27. Ra7 {[%emt 0:04:04]} Ra4 {[%emt 0:00:30]} 28. Bc7 {[%emt 0:00:03]} Rxa3 {[%emt 0:00:30]} 29. Rxa5 {[%emt 0:19:23]} Rxa5 {[%emt 0:01:30]} 30. Bxa5 {[%emt 0:00:00]} f5 {[%emt 0:02:30]} 31. f4 {[%emt 0:00:00]} Ra8 {[%emt 0:03:30]} 32. Bc3 {[%emt 0:00:00]} Ra2 {[%emt 0:00:30]} 33. Kh2 {[%emt 0:00:00]} Rc2 {[%emt 0:01:30]} 34. Bd4 {[%emt 0:00:00]} Kf7 {[%emt 0:00:00]} 35. Kg3 {[%emt 0:00:00]} g6 {[%emt 0:00:00]} 36. Kf3 {[%emt 0:00:00]} Ke6 {[%emt 0:00:30]} 37. g4 {[%emt 0:00:00]} Kd5 {[%emt 0:01:30]} 38. h4 {[%emt 0:00:00]} h5 {[%emt 0:03:30]} 39. g5 {[%emt 0:00:00]} Rd2 {[%emt 0:02:30]} 40. Be5 {[%emt 0:00:00]} Kxc5 {[%emt 0:01:30]} 41. e4 {[%emt 0:00:00]} Rd3+ {[%emt 0:00:30]} 42. Ke2 {[%emt 0:00:00]} fxe4 {[%emt 0:00:30]} 43. f5 {[%emt 0:00:00]} Kd5 {[%emt 0:01:30]} 44. Ba1 {[%emt 0:00:00]} gxf5 {[%emt 0:00:00]} 45. g6 {[%emt 0:00:00]} Ke6 {[%emt 0:00:00]} 46. g7 {[%emt 0:00:00]} Kf7 {[%emt 0:00:30]} 47. Be5 {[%emt 0:00:00]} c5 {[%emt 0:00:00]} 0-1

[Event "World Junior U20 Girls 2018"]
[Site "Gebze"]
[Date "2018.09.12"]
[Round "8"]
[White "Nassr, Lina"]
[Black "Cramling Bellon, Anna"]
[Result "0-1"]
[WhiteElo "1854"]
[BlackElo "2009"]
[Annotator "NA"]
[PlyCount "145"]
[EventDate "2018.09.05"]
[EventType "swiss"]
[EventCountry "TUR"]
[SourceTitle "playchess.com"]
[Source "ChessBase"]
[SourceQuality "1"]
[TimeControl "40/5400+30:1800+30"]

1. d4 {[%emt 0:00:30]} Nf6 {[%emt 0:00:30]} 2. Nf3 {[%emt 0:00:00]} d5 {[%emt 0:00:30]} 3. e3 {[%emt 0:00:00]} c5 {[%emt 0:00:00]} 4. b3 {[%emt 0:00:30]} Nc6 {[%emt 0:00:00]} 5. Bb2 {[%emt 0:00:00]} cxd4 {[%emt 0:00:00]} 6. exd4 {[%emt 0:00:00]} Bg4 {[%emt 0:00:00]} 7. Be2 {[%emt 0:00:30]} e6 {[%emt 0:00:00]} 8. O-O {[%emt 0:00:30]} Bd6 {[%emt 0:01:00]} 9. h3 {[%emt 0:00:30]} Bf5 {[%emt 0:05:30]} 10. Nbd2 {[%emt 0:02:30]} O-O {[%emt 0:06:30]} 11. a3 {[%emt 0:05:30]} Rc8 {[%emt 0:08:30]} 12. Rc1 {[%emt 0:08:30]} Qe7 {[%emt 0:05:30]} 13. b4 {[%emt 0:05:30]} Bf4 {[%emt 0:06:30]} 14. Ra1 {[%emt 0:03:30]} e5 {[%emt 0:24:30]} 15. dxe5 {[%emt 0:19:30]} Nxe5 {[%emt 0:00:30]} 16. c3 {[%emt 0:00:30]} Nd3 {[%emt 0:13:30]} 17. Bxd3 {[%emt 0:08:30]} Bxd3 {[%emt 0:00:30]} 18. Re1 {[%emt 0:00:30]} Qc7 {[%emt 0:00:30]} 19. Nb3 {[%emt 0:00:30]} Bc4 {[%emt 0:02:30]} 20. Bc1 {[%emt 0:02:30]} Bd6 {[%emt 0:09:49]} 21. Nbd4 {[%emt 0:05:30]} Rfe8 {[%emt 0:05:17]} 22. Be3 {[%emt 0:02:30]} Ne4 {[%emt 0:00:18]} 23. Rc1 {[%emt 0:01:30]} a5 {[%emt 0:03:01]} 24. Nf5 {[%emt 0:01:30]} Bf4 {[%emt 0:00:18]} 25. Qd4 {[%emt 0:03:30]} f6 {[%emt 0:02:11]} 26. Bxf4 {[%emt 0:06:30]} Qxf4 {[%emt 0:00:30]} 27. Ne3 {[%emt 0:00:30]} Qd6 {[%emt 0:00:30]} 28. Rcd1 {[%emt 0:01:30]} Bb3 {[%emt 0:01:05]} 29. Rd3 {[%emt 0:02:59]} a4 {[%emt 0:01:48]} 30. c4 {[%emt 0:04:43]} Bxc4 {[%emt 0:00:00]} 31. Nxc4 {[%emt 0:02:43]} Rxc4 {[%emt 0:00:26]} 32. Qxd5+ {[%emt 0:00:00]} Qxd5 {[%emt 0:00:42]} 33. Rxd5 {[%emt 0:00:19]} Kf8 {[%emt 0:00:11]} 34. Rd4 {[%emt 0:08:28]} Rxd4 {[%emt 0:01:47]} 35. Nxd4 {[%emt 0:00:30]} Nc3 {[%emt 0:00:30]} 36. Rxe8+ {[%emt 0:00:30]} Kxe8 {[%emt 0:00:00]} 37. Kf1 {[%emt 0:01:02]} Kd7 {[%emt 0:00:39]} 38. Ke1 {[%emt 0:02:02]} Kd6 {[%emt 0:00:23]} 39. Nf5+ {[%emt 0:02:16]} Ke5 {[%emt 0:01:37]} 40. Nxg7 {[%emt 0:00:54]} Nb1 {[%emt 0:00:00]} 41. Ne8 {[%emt 0:07:04]} Nxa3 {[%emt 0:02:58]} 42. Kd2 {[%emt 0:01:30]} Nc4+ {[%emt 0:10:52]} 43. Kc3 {[%emt 0:00:30]} b5 {[%emt 0:00:20]} 44. f4+ {[%emt 0:01:30]} Kxf4 {[%emt 0:02:48]} 45. Nxf6 {[%emt 0:00:30]} h6 {[%emt 0:04:26]} 46. g4 {[%emt 0:02:30]} Nd6 {[%emt 0:07:02]} 47. Kd4 {[%emt 0:01:58]} Kg3 {[%emt 0:04:05]} 48. Nd5 {[%emt 0:04:07]} Nc4 {[%emt 0:00:26]} 49. Nc3 {[%emt 0:02:05]} Na3 {[%emt 0:00:44]} 50. Ke4 {[%emt 0:09:07]} Kxh3 {[%emt 0:00:30]} 51. Kf3 {[%emt 0:03:57]} Kh4 {[%emt 0:01:42]} 52. Kf4 {[%emt 0:00:19]} Nc2 {[%emt 0:00:44]} 53. Nxb5 {[%emt 0:00:56]} Nxb4 {[%emt 0:00:03]} 54. Na3 {[%emt 0:00:02]} Nd5+ {[%emt 0:01:14]} 55. Kf3 {[%emt 0:01:22]} Nf6 {[%emt 0:00:06]} 56. Nc4 {[%emt 0:00:40]} Nxg4 {[%emt 0:00:30]} 57. Kg2 {[%emt 0:00:10]} Nf6 {[%emt 0:00:58]} 58. Na3 {[%emt 0:00:51]} Kg4 {[%emt 0:00:14]} 59. Kh2 {[%emt 0:00:10]} h5 {[%emt 0:00:41]} 60. Nc4 {[%emt 0:00:06]} Nd5 {[%emt 0:00:48]} 61. Na3 {[%emt 0:00:18]} Nc3 {[%emt 0:00:35]} 62. Kg2 {[%emt 0:00:43]} h4 {[%emt 0:00:16]} 63. Kh2 {[%emt 0:00:00]} h3 {[%emt 0:00:57]} 64. Nc2 {[%emt 0:01:03]} Nd1 {[%emt 0:00:29]} 65. Na3 {[%emt 0:00:54]} Ne3 {[%emt 0:00:12]} 66. Nb1 {[%emt 0:00:32]} Nf1+ {[%emt 0:00:42]} 67. Kh1 {[%emt 0:00:27]} Kg3 {[%emt 0:00:17]} 68. Nc3 {[%emt 0:00:36]} a3 {[%emt 0:01:01]} 69. Ne2+ {[%emt 0:00:25]} Kf3 {[%emt 0:00:23]} 70. Nc1 {[%emt 0:00:29]} h2 {[%emt 0:00:16]} 71. Na2 {[%emt 0:00:31]} Kg3 {[%emt 0:00:20]} 72. Nc3 {[%emt 0:00:32]} a2 {[%emt 0:00:39]} 73. Nb1 {[%emt 0:01:10]} 0-1

[Event "World Junior U20 Girls 2018"]
[Site "Gebze"]
[Date "2018.09.12"]
[Round "8"]
[White "Sade, Defne"]
[Black "Aubert, Laurane"]
[Result "1-0"]
[WhiteElo "1826"]
[BlackElo "1970"]
[Annotator "NA"]
[PlyCount "37"]
[EventDate "2018.09.05"]
[EventType "swiss"]
[EventCountry "TUR"]
[SourceTitle "playchess.com"]
[Source "ChessBase"]
[SourceQuality "1"]
[TimeControl "40/5400+30:1800+30"]

1. e4 {[%emt 0:00:30]} c5 {[%emt 0:00:30]} 2. Nf3 {[%emt 0:00:30]} e6 {[%emt 0:00:30]} 3. d4 {[%emt 0:00:30]} cxd4 {[%emt 0:00:30]} 4. Nxd4 {[%emt 0:00:00]} Nf6 {[%emt 0:00:00]} 5. Nc3 {[%emt 0:00:00]} Nc6 {[%emt 0:00:00]} 6. Be2 {[%emt 0:00:00]} Bb4 {[%emt 0:00:00]} 7. O-O {[%emt 0:00:00]} Bxc3 {[%emt 0:00:00]} 8. bxc3 {[%emt 0:00:00]} Nxe4 {[%emt 0:00:00]} 9. Bd3 {[%emt 0:00:00]} Nf6 {[%emt 0:35:00]} 10. Nb5 {[%emt 0:02:30]} O-O {[%emt 0:08:30]} 11. Ba3 {[%emt 0:00:30]} Ne7 {[%emt 0:01:30]} 12. Nd6 {[%emt 0:00:30]} Ne8 {[%emt 0:03:30]} 13. Qf3 {[%emt 0:03:30]} Nxd6 {[%emt 0:03:30]} 14. Bxd6 {[%emt 0:00:00]} Re8 {[%emt 0:01:30]} 15. Rfe1 {[%emt 0:06:00]} Nc6 {[%emt 0:02:30]} 16. Re3 {[%emt 0:20:30]} b6 {[%emt 0:03:30]} 17. Bxh7+ {[%emt 0:06:30]} Kh8 {[%emt 0:13:30]} 18. Qh5 {[%emt 0:01:30]} Qf6 {[%emt 0:04:30]} 19. Bg6+ {[%emt 0:00:30]} 1-0

[Event "World Junior U20 Girls 2018"]
[Site "Gebze"]
[Date "2018.09.12"]
[Round "8"]
[White "Duran, Esma Doga"]
[Black "Kyrkjebo, Marte B"]
[Result "1-0"]
[WhiteElo "1825"]
[BlackElo "1935"]
[Annotator "NA"]
[PlyCount "113"]
[EventDate "2018.09.05"]
[EventType "swiss"]
[EventCountry "TUR"]
[SourceTitle "playchess.com"]
[Source "ChessBase"]
[SourceQuality "1"]
[TimeControl "40/5400+30:1800+30"]

1. d4 {[%emt 0:00:30]} Nf6 {[%emt 0:00:30]} 2. c4 {[%emt 0:00:30]} e6 {[%emt 0:00:30]} 3. Nf3 {[%emt 0:00:00]} b6 {[%emt 0:00:00]} 4. g3 {[%emt 0:00:00]} Ba6 {[%emt 0:00:00]} 5. b3 {[%emt 0:01:30]} Bb4+ {[%emt 0:00:30]} 6. Bd2 {[%emt 0:00:30]} Be7 {[%emt 0:00:30]} 7. Bg2 {[%emt 0:00:00]} c6 {[%emt 0:01:30]} 8. Qc2 {[%emt 0:02:00]} O-O {[%emt 0:04:30]} 9. O-O {[%emt 0:07:30]} d5 {[%emt 0:05:30]} 10. Bf4 {[%emt 0:30:30]} Nbd7 {[%emt 0:10:30]} 11. Nbd2 {[%emt 0:00:30]} Rc8 {[%emt 0:06:30]} 12. Qb2 {[%emt 0:04:30]} Re8 {[%emt 0:08:30]} 13. Rfe1 {[%emt 0:08:30]} Bb7 {[%emt 0:08:30]} 14. e4 {[%emt 0:02:30]} dxe4 {[%emt 0:04:30]} 15. Nxe4 {[%emt 0:00:30]} Nxe4 {[%emt 0:01:30]} 16. Rxe4 {[%emt 0:00:30]} c5 {[%emt 0:01:30]} 17. Ree1 {[%emt 0:00:30]} cxd4 {[%emt 0:07:30]} 18. Rad1 {[%emt 0:03:30]} Bf6 {[%emt 0:01:30]} 19. Ne5 {[%emt 0:02:30]} Bxg2 {[%emt 0:03:30]} 20. Kxg2 {[%emt 0:00:00]} Bxe5 {[%emt 0:03:30]} 21. Bxe5 {[%emt 0:00:00]} Nxe5 {[%emt 0:00:30]} 22. Rxe5 {[%emt 0:00:00]} Qc7 {[%emt 0:01:30]} 23. Qe2 {[%emt 0:10:00]} Qd6 {[%emt 0:11:00]} 24. Re4 {[%emt 0:01:30]} Qc6 {[%emt 0:01:16]} 25. f3 {[%emt 0:00:30]} e5 {[%emt 0:00:39]} 26. Rxe5 {[%emt 0:00:30]} Qd7 {[%emt 0:07:30]} 27. Rxd4 {[%emt 0:01:30]} Rxe5 {[%emt 0:03:38]} 28. Qxe5 {[%emt 0:00:00]} Qb7 {[%emt 0:01:25]} 29. Qd5 {[%emt 0:04:00]} Qe7 {[%emt 0:01:21]} 30. Re4 {[%emt 0:01:49]} Qa3 {[%emt 0:00:20]} 31. Re2 {[%emt 0:00:41]} g6 {[%emt 0:01:29]} 32. Qd7 {[%emt 0:00:46]} Ra8 {[%emt 0:01:52]} 33. f4 {[%emt 0:02:32]} Rf8 {[%emt 0:01:56]} 34. f5 {[%emt 0:03:55]} a5 {[%emt 0:00:34]} 35. f6 {[%emt 0:00:42]} Qc5 {[%emt 0:00:40]} 36. Re8 {[%emt 0:01:12]} h5 {[%emt 0:00:34]} 37. h4 {[%emt 0:04:44]} Kh7 {[%emt 0:00:29]} 38. Rxf8 {[%emt 0:02:59]} Qxf8 {[%emt 0:00:01]} 39. Qc7 {[%emt 0:01:00]} Qe8 {[%emt 0:00:48]} 40. Kf2 {[%emt 0:00:00]} Qe6 {[%emt 0:00:30]} 41. Qe7 {[%emt 0:04:40]} Kg8 {[%emt 0:07:28]} 42. Qxe6 {[%emt 0:00:00]} fxe6 {[%emt 0:00:30]} 43. Ke3 {[%emt 0:00:00]} Kf7 {[%emt 0:00:30]} 44. a3 {[%emt 0:01:30]} Kxf6 {[%emt 0:03:30]} 45. Kf4 {[%emt 0:00:00]} Ke7 {[%emt 0:10:04]} 46. Ke5 {[%emt 0:00:00]} Kd7 {[%emt 0:00:50]} 47. b4 {[%emt 0:00:30]} a4 {[%emt 0:00:30]} 48. Kf6 {[%emt 0:04:30]} Kd6 {[%emt 0:01:45]} 49. Kxg6 {[%emt 0:00:30]} Ke5 {[%emt 0:01:47]} 50. Kxh5 {[%emt 0:00:30]} Kd4 {[%emt 0:01:13]} 51. Kg6 {[%emt 0:00:30]} e5 {[%emt 0:02:24]} 52. h5 {[%emt 0:00:00]} e4 {[%emt 0:00:42]} 53. h6 {[%emt 0:00:00]} e3 {[%emt 0:00:23]} 54. h7 {[%emt 0:00:00]} e2 {[%emt 0:00:21]} 55. h8=Q+ {[%emt 0:00:00]} Kd3 {[%emt 0:00:00]} 56. Qe5 {[%emt 0:02:30]} Kd2 {[%emt 0:00:00]} 57. c5 {[%emt 0:00:00]} 1-0

[Event "World Junior U20 Girls 2018"]
[Site "Gebze"]
[Date "2018.09.12"]
[Round "8"]
[White "Catal, Uktenur"]
[Black "Bai, Xue"]
[Result "0-1"]
[WhiteElo "1809"]
[BlackElo "2073"]
[Annotator "NA"]
[PlyCount "44"]
[EventDate "2018.09.05"]
[EventType "swiss"]
[EventCountry "TUR"]
[SourceTitle "playchess.com"]
[Source "ChessBase"]
[SourceQuality "1"]
[TimeControl "40/5400+30:1800+30"]

1. d4 {[%emt 0:00:30]} d5 {[%emt 0:00:30]} 2. c4 {[%emt 0:00:30]} e6 {[%emt 0:00:00]} 3. Nc3 {[%emt 0:00:00]} Nf6 {[%emt 0:00:00]} 4. Bg5 {[%emt 0:00:00]} dxc4 {[%emt 0:00:30]} 5. e3 {[%emt 0:00:00]} Bb4 {[%emt 0:03:30]} 6. Bxc4 {[%emt 0:00:00]} c5 {[%emt 0:01:30]} 7. Nge2 {[%emt 0:00:30]} a6 {[%emt 0:09:30]} 8. O-O {[%emt 0:01:30]} b5 {[%emt 0:02:30]} 9. Bb3 {[%emt 0:00:30]} Bb7 {[%emt 0:02:30]} 10. dxc5 {[%emt 0:03:30]} Nbd7 {[%emt 0:05:30]} 11. a4 {[%emt 0:09:30]} Nxc5 {[%emt 0:06:30]} 12. axb5 {[%emt 0:04:30]} Qxd1 {[%emt 0:00:30]} 13. Bxd1 {[%emt 0:00:00]} O-O {[%emt 0:13:30]} 14. Bxf6 {[%emt 0:05:00]} gxf6 {[%emt 0:00:30]} 15. Bc2 {[%emt 0:00:30]} axb5 {[%emt 0:00:30]} 16. Na2 {[%emt 0:00:30]} Bd2 {[%emt 0:17:30]} 17. b4 {[%emt 0:38:30]} Be4 {[%emt 0:00:30]} 18. Bxe4 {[%emt 0:05:30]} Nxe4 {[%emt 0:00:30]} 19. Nd4 {[%emt 0:00:30]} Ra4 {[%emt 0:03:30]} 20. Nc6 {[%emt 0:06:30]} Rfa8 {[%emt 0:00:30]} 21. Na5 {[%emt 0:00:30]} Rc8 {[%emt 0:01:30]} 22. Nb3 {[%emt 0:06:29]} Rc2 {[%emt 0:01:30]} 0-1

[Event "World Junior U20 Girls 2018"]
[Site "Gebze"]
[Date "2018.09.12"]
[Round "8"]
[White "Zairbek kyzy, Begimay"]
[Black "Kanakova, Natalie"]
[Result "0-1"]
[WhiteElo "1770"]
[BlackElo "2201"]
[Annotator "NA"]
[PlyCount "54"]
[EventDate "2018.09.05"]
[EventType "swiss"]
[EventCountry "TUR"]
[SourceTitle "playchess.com"]
[Source "ChessBase"]
[SourceQuality "1"]
[TimeControl "40/5400+30:1800+30"]

1. e4 {[%emt 0:00:30]} c5 {[%emt 0:00:30]} 2. c3 {[%emt 0:00:00]} d5 {[%emt 0:00:30]} 3. exd5 {[%emt 0:00:00]} Qxd5 {[%emt 0:00:00]} 4. d4 {[%emt 0:00:30]} g6 {[%emt 0:00:00]} 5. Nf3 {[%emt 0:00:00]} Bg7 {[%emt 0:00:30]} 6. Be2 {[%emt 0:01:00]} Nf6 {[%emt 0:00:30]} 7. h3 {[%emt 0:01:30]} O-O {[%emt 0:02:30]} 8. O-O {[%emt 0:00:30]} Nc6 {[%emt 0:02:30]} 9. Be3 {[%emt 0:00:30]} cxd4 {[%emt 0:00:30]} 10. Nxd4 {[%emt 0:01:30]} e5 {[%emt 0:11:30]} 11. Bf3 {[%emt 0:00:30]} e4 {[%emt 0:02:30]} 12. Be2 {[%emt 0:00:30]} b6 {[%emt 0:04:30]} 13. Nd2 {[%emt 0:02:30]} Bb7 {[%emt 0:01:30]} 14. N2b3 {[%emt 0:04:30]} Ne5 {[%emt 0:06:30]} 15. Nb5 {[%emt 0:02:30]} Qc6 {[%emt 0:01:30]} 16. Qd6 {[%emt 0:03:30]} Nd5 {[%emt 0:01:30]} 17. Bd4 {[%emt 0:05:30]} Nf4 {[%emt 0:02:30]} 18. Bxe5 {[%emt 0:23:30]} Nxe2+ {[%emt 0:01:30]} 19. Kh1 {[%emt 0:00:30]} Qxb5 {[%emt 0:00:00]} 20. Bxg7 {[%emt 0:00:00]} Kxg7 {[%emt 0:00:00]} 21. Qd2 {[%emt 0:00:00]} e3 {[%emt 0:03:30]} 22. Qd6 {[%emt 0:16:30]} Qg5 {[%emt 0:03:30]} 23. Qh2 {[%emt 0:01:30]} Nf4 {[%emt 0:02:30]} 24. f3 {[%emt 0:00:30]} Ba6 {[%emt 0:04:30]} 25. Rfe1 {[%emt 0:03:30]} Nd3 {[%emt 0:00:30]} 26. f4 {[%emt 0:06:30]} Qe7 {[%emt 0:00:00]} 27. Nd4 {[%emt 0:00:30]} Nxe1 {[%emt 0:00:00]} 0-1

[Event "World Junior U20 Girls 2018"]
[Site "Gebze"]
[Date "2018.09.12"]
[Round "8"]
[White "Yorgun, Yaren Naz"]
[Black "Hu, Yu A"]
[Result "0-1"]
[WhiteElo "1751"]
[BlackElo "2009"]
[Annotator "NA"]
[PlyCount "98"]
[EventDate "2018.09.05"]
[EventType "swiss"]
[EventCountry "TUR"]
[SourceTitle "playchess.com"]
[Source "ChessBase"]
[SourceQuality "1"]
[TimeControl "40/5400+30:1800+30"]

1. e4 {[%emt 0:00:30]} c5 {[%emt 0:00:30]} 2. Nf3 {[%emt 0:00:00]} d6 {[%emt 0:00:00]} 3. d4 {[%emt 0:04:00]} cxd4 {[%emt 0:00:00]} 4. Nxd4 {[%emt 0:00:30]} Nf6 {[%emt 0:00:30]} 5. Nc3 {[%emt 0:00:30]} a6 {[%emt 0:00:00]} 6. Bg5 {[%emt 0:00:00]} e6 {[%emt 0:00:00]} 7. f4 {[%emt 0:00:00]} h6 {[%emt 0:00:30]} 8. Bh4 {[%emt 0:00:00]} Qb6 {[%emt 0:01:30]} 9. a3 {[%emt 0:00:00]} Be7 {[%emt 0:01:30]} 10. Bf2 {[%emt 0:00:30]} Qc7 {[%emt 0:00:30]} 11. Qf3 {[%emt 0:02:30]} Nbd7 {[%emt 0:01:30]} 12. O-O-O {[%emt 0:05:30]} b5 {[%emt 0:00:00]} 13. g4 {[%emt 0:12:30]} Bb7 {[%emt 0:01:00]} 14. Bd3 {[%emt 0:10:30]} Rc8 {[%emt 0:15:30]} 15. h4 {[%emt 0:03:30]} h5 {[%emt 0:00:30]} 16. g5 {[%emt 0:02:30]} Ng4 {[%emt 0:00:30]} 17. g6 {[%emt 0:07:30]} Bf6 {[%emt 0:05:30]} 18. gxf7+ {[%emt 0:06:30]} Kxf7 {[%emt 0:00:00]} 19. f5 {[%emt 0:14:30]} e5 {[%emt 0:09:00]} 20. Ne6 {[%emt 0:00:30]} Qa5 {[%emt 0:00:30]} 21. Be1 {[%emt 0:03:30]} Qb6 {[%emt 0:06:30]} 22. Be2 {[%emt 0:05:30]} Qe3+ {[%emt 0:06:30]} 23. Qxe3 {[%emt 0:02:02]} Nxe3 {[%emt 0:00:00]} 24. Rxd6 {[%emt 0:02:06]} Ke7 {[%emt 0:00:00]} 25. Rd2 {[%emt 0:00:15]} Nxf5 {[%emt 0:00:00]} 26. Nd5+ {[%emt 0:13:06]} Kxe6 {[%emt 0:01:00]} 27. exf5+ {[%emt 0:00:39]} Kxf5 {[%emt 0:00:30]} 28. Rf1+ {[%emt 0:04:07]} Ke6 {[%emt 0:00:30]} 29. Nc3 {[%emt 0:00:34]} Nc5 {[%emt 0:00:30]} 30. Bf2 {[%emt 0:00:35]} Ne4 {[%emt 0:02:30]} 31. Nxe4 {[%emt 0:00:23]} Bxe4 {[%emt 0:00:00]} 32. Rfd1 {[%emt 0:00:30]} Rc6 {[%emt 0:01:00]} 33. Bd3 {[%emt 0:00:08]} Bxd3 {[%emt 0:03:30]} 34. Rxd3 {[%emt 0:00:30]} g5 {[%emt 0:02:30]} 35. hxg5 {[%emt 0:00:49]} Bxg5+ {[%emt 0:00:00]} 36. Kb1 {[%emt 0:00:00]} h4 {[%emt 0:01:00]} 37. Rh3 {[%emt 0:00:35]} Kf5 {[%emt 0:08:30]} 38. Rg1 {[%emt 0:00:43]} Rc4 {[%emt 0:00:30]} 39. c3 {[%emt 0:00:40]} Rg4 {[%emt 0:01:30]} 40. Re1 {[%emt 0:00:00]} Rg2 {[%emt 0:00:00]} 41. Bb6 {[%emt 0:04:48]} Kg4 {[%emt 0:04:00]} 42. Rhh1 {[%emt 0:02:30]} Bf4 {[%emt 0:00:00]} 43. a4 {[%emt 0:00:30]} h3 {[%emt 0:01:00]} 44. axb5 {[%emt 0:01:30]} axb5 {[%emt 0:00:30]} 45. Ka2 {[%emt 0:00:30]} h2 {[%emt 0:02:30]} 46. Kb3 {[%emt 0:00:00]} Rh3 {[%emt 0:00:00]} 47. Ka3 {[%emt 0:02:00]} Rd3 {[%emt 0:00:00]} 48. Rb1 {[%emt 0:03:36]} Be3 {[%emt 0:04:30]} 49. Bc7 {[%emt 0:01:22]} Rd5 {[%emt 0:00:30]} 0-1

[Event "World Junior U20 Girls 2018"]
[Site "Gebze"]
[Date "2018.09.12"]
[Round "8"]
[White "Gur, Tuba"]
[Black "Anandpara Jayendra Saloni"]
[Result "1-0"]
[WhiteElo "1724"]
[BlackElo "1326"]
[Annotator "NA"]
[PlyCount "81"]
[EventDate "2018.09.05"]
[EventType "swiss"]
[EventCountry "TUR"]
[SourceTitle "playchess.com"]
[Source "ChessBase"]
[SourceQuality "1"]
[TimeControl "40/5400+30:1800+30"]

1. d4 {[%emt 0:00:30]} d5 {[%emt 0:00:30]} 2. Bf4 {[%emt 0:00:00]} Bf5 {[%emt 0:01:30]} 3. c4 {[%emt 0:00:00]} c6 {[%emt 0:00:30]} 4. Nc3 {[%emt 0:00:30]} e6 {[%emt 0:00:00]} 5. Nf3 {[%emt 0:00:00]} h6 {[%emt 0:01:00]} 6. Qb3 {[%emt 0:00:00]} b6 {[%emt 0:01:30]} 7. e3 {[%emt 0:00:30]} Nf6 {[%emt 0:00:30]} 8. Ne5 {[%emt 0:00:30]} Bd6 {[%emt 0:01:30]} 9. Be2 {[%emt 0:01:30]} Nfd7 {[%emt 0:12:30]} 10. Nxf7 {[%emt 0:02:30]} Kxf7 {[%emt 0:00:30]} 11. Bxd6 {[%emt 0:00:30]} Nf6 {[%emt 0:15:30]} 12. Be5 {[%emt 0:01:30]} Nbd7 {[%emt 0:00:30]} 13. f4 {[%emt 0:01:30]} Re8 {[%emt 0:14:30]} 14. O-O {[%emt 0:04:30]} Kg8 {[%emt 0:01:30]} 15. cxd5 {[%emt 0:00:30]} cxd5 {[%emt 0:00:30]} 16. Bb5 {[%emt 0:00:30]} a6 {[%emt 0:04:30]} 17. Bc6 {[%emt 0:04:30]} Ra7 {[%emt 0:02:30]} 18. Qa4 {[%emt 0:00:30]} Re7 {[%emt 0:05:30]} 19. Bd6 {[%emt 0:22:30]} Rf7 {[%emt 0:02:30]} 20. Nb5 {[%emt 0:00:00]} Bd3 {[%emt 0:04:30]} 21. Nxa7 {[%emt 0:02:00]} Bxf1 {[%emt 0:01:30]} 22. Rxf1 {[%emt 0:00:00]} Nb8 {[%emt 0:00:30]} 23. Bxb8 {[%emt 0:08:00]} Qxb8 {[%emt 0:00:30]} 24. Qxa6 {[%emt 0:00:00]} Rxa7 {[%emt 0:00:30]} 25. Qb5 {[%emt 0:00:00]} Rxa2 {[%emt 0:00:30]} 26. f5 {[%emt 0:00:30]} Ra5 {[%emt 0:01:30]} 27. Qd3 {[%emt 0:00:30]} Qd6 {[%emt 0:00:30]} 28. Bb7 {[%emt 0:12:30]} Ra2 {[%emt 0:04:30]} 29. Qb3 {[%emt 0:06:30]} Ra7 {[%emt 0:08:01]} 30. Bc8 {[%emt 0:00:00]} exf5 {[%emt 0:04:08]} 31. Bxf5 {[%emt 0:00:00]} Re7 {[%emt 0:00:08]} 32. Rc1 {[%emt 0:02:30]} Kf7 {[%emt 0:01:08]} 33. Qc2 {[%emt 0:01:30]} Rxe3 {[%emt 0:03:42]} 34. Bg6+ {[%emt 0:00:30]} Ke7 {[%emt 0:01:25]} 35. Qf2 {[%emt 0:00:30]} Ng4 {[%emt 0:03:15]} 36. Qf7+ {[%emt 0:00:30]} Kd8 {[%emt 0:00:11]} 37. Qg8+ {[%emt 0:00:30]} Ke7 {[%emt 0:01:40]} 38. Qe8+ {[%emt 0:00:30]} Kf6 {[%emt 0:00:00]} 39. Qf7+ {[%emt 0:00:30]} Kg5 {[%emt 0:00:59]} 40. Qf5+ {[%emt 0:00:30]} Kh4 {[%emt 0:00:19]} 41. Qh5# {[%emt 0:00:00]} 1-0